Sports Quiz

Random Sports or Soccer Quiz
Score 0/10 Timer 03:00
0 Plays Today
Número de golos Nome % Correct
206Marcelinho Carioca
85.7%
172Sócrates
66.7%
305Cláudio
61.9%
269Baltazar
57.1%
243Neco
33.3%
175Luizinho
33.3%
256Teleco
23.8%
146Paulo Carvoeiro
9.5%
200Servílio
4.8%
172Flávio
4.8%
Remove Ads.
Support Sporcle.
Get the best of Sporcle when you Go Orange. This ad-free experience offers more features, more stats, and more fun while also helping to support Sporcle. Thank you for becoming a member.

You're not logged in!

Compare scores with friends on all Sporcle quizzes.
OR
Log In

Sporcle TV

Today on Sporcle TV


Watch our educational content, quiz creation guides, and fun videos on Sporcle TV.

Show Comments

Extras

Top Quizzes Today


Score Distribution

Paid Content

Your Account Isn't Verified!

In order to create a playlist on Sporcle, you need to verify the email address you used during registration. Go to your Sporcle Settings to finish the process.

Report this User

Report this user for behavior that violates our Community Guidelines.

Details: